| 000 | 00714cam a2200217u 4500 | ||
|---|---|---|---|
| 999 |
_c11770 _d11770 |
||
| 001 | 10279437 | ||
| 003 | OSt | ||
| 005 | 20200205131642.0 | ||
| 008 | 820115t19581957nyu 000 0 eng | ||
| 040 |
_aDLC _cCarP _dDLC |
||
| 082 |
_222 _a227.1 _bBAR |
||
| 100 | 1 |
_aBarrett, C. K. _q(Charles Kingsley), _d1917- _922134 |
|
| 245 | 0 | 2 | _a The Epistle to the Romans: Black's New Testament Commentary |
| 250 | _aRev. Ed. | ||
| 260 |
_aGrand Rapids _bBaker Academics _c1991 |
||
| 300 |
_axiv, 278 p. _c22 cm. |
||
| 630 | 0 | 0 |
_aBible. _pRomans _vCommentaries. _922135 |
| 730 | 0 | 2 |
_aBible. _pRomans. _lEnglish. _sBarrett. _f1957. _922136 |
| 906 |
_a0 _bcbc _cpremunv _du _encip _f19 _gy-gencatlg |
||
| 942 |
_2ddc _cBK _k227.1 _mBAR _n227.1BAR |
||